Tokaj hegyalja borkülönlegességeinek marketing szempontú elemzése
Dolgozatom célja az volt, hogy megismertessem Tokaj-Hegyalja adottságait, történelmét, kereskedelmét, marketingjét, borkülönlegességeit. Tokaj-Hegyalja a világörökség része, hihetetlen múlttal rendelkezik és jövővel, ez az a téma amiről mindig beszélnünk kell, hiszen a Tokaji bor világhírű, erre büs...
| Main Author: | |
|---|---|
| Format: | Manuscript |
| Language: | Hungarian |
| Online Access: | Dokumentum-elérés |
| LEADER | 01630nta a2200205 i 4500 | ||
|---|---|---|---|
| 001 | dolg14851 | ||
| 005 | 20220420124551.0 | ||
| 008 | 180110suuuu hu o 0|| hun d | ||
| 040 | |a PEREPO DOLGOZAT |b hun | ||
| 041 | |a hun | ||
| 100 | 1 | |a Budányi Georgina | |
| 245 | 1 | 0 | |a Tokaj hegyalja borkülönlegességeinek marketing szempontú elemzése |h [elektronikus dokumentum] / |c Georgina Budányi |
| 520 | 3 | |a Dolgozatom célja az volt, hogy megismertessem Tokaj-Hegyalja adottságait, történelmét, kereskedelmét, marketingjét, borkülönlegességeit. Tokaj-Hegyalja a világörökség része, hihetetlen múlttal rendelkezik és jövővel, ez az a téma amiről mindig beszélnünk kell, hiszen a Tokaji bor világhírű, erre büszkének kell lennünk és tudnunk kell mit is jelent az amit a hegyaljai lakók tesznek mindezért. Összehasonlítottam, a fiatal és az idős borászok véleményét. Felvázoltam a marketing szempontú elemzését. Végig vázoltam a rendszerváltás előtt és utáni viszonylatokat, rengeteg változáson ment át hegyalja ebben az időszakban. Részletes bemutatást készítettem a híres borfajtákról. Az ország legkedveltebb borkereskedőjével beszélgettem, aki nagyon sok érdekes dologra rávilágított. Végül pedig belecsempésztem egy kis történelmet amellyel kerek teljesen a történet. | |
| 695 | |a Tokaj-Hegyalja | ||
| 695 | |a marketing | ||
| 695 | |a kereskedelem | ||
| 695 | |a történelem | ||
| 695 | |a bormarketing | ||
| 700 | 2 | |a Nagyné Halász Zsuzsanna |e ths | |
| 856 | 4 | 0 | |u https://perepo-dolgozat.uni-pannon.hu/id/eprint/14851/1/bud%C3%A1nyi_georgina_2018jan.pdf |z Dokumentum-elérés |